Nudo / (Record no. 136103)

MARC details
000 -LEADER
campo de control de longitud fija 00564nam a2200205 4500
001 - NÚMERO DE CONTROL
campo de control 136103
003 - IDENTIFICADOR DE NÚMERO DE CONTROL
campo de control ES-MaACL
005 - FECHA Y HORA DE LA ÚLTIMA TRANSACCIÓN
campo de control 20240524062957.0
007 - CAMPO FIJO DE DESCRIPCIÓN FÍSICA--INFORMACIÓN GENERAL
campo de control de longitud fija t|
008 - DATOS DE LONGITUD FIJA--INFORMACIÓN GENERAL
campo de control de longitud fija 070214s1966 sp r ||||1| spa d
100 1# - ENTRADA PRINCIPAL--NOMBRE DE PERSONA
Nombre de persona Ruiz Peña, Juan,
Fechas asociadas al nombre 1915-1992
9 (RLIN) 100896
245 10 - MENCIÓN DEL TÍTULO
Título Nudo /
Mención de responsabilidad, etc. Juan Ruiz Peña.
260 ## - PUBLICACIÓN, DISTRIBUCIÓN, ETC.
Lugar de publicación, distribución, etc. Salamanca :
Nombre del editor, distribuidor, etc. [s. n.],
Fecha de publicación, distribución, etc. 1966 (
Fabricante Gráf. Vitor)
300 ## - DESCRIPCIÓN FÍSICA
Extensión 127 p. ;
Dimensiones 21 cm.
490 1# - MENCIÓN DE SERIE
Mención de serie Alamo ;
Designación de volumen o secuencia 1
830 0# - PUNTO DE ACCESO ADICIONAL DE SERIE-TÍTULO UNIFORME
Título uniforme Colección Alamo ;
Designación de volumen o secuencia 1
9 (RLIN) 184140
852 ## - LOCALIZACIÓN
Ubicación ES-MaACL
Número de control de estantería C-30770
Sublocalización o colección R.70177
942 ## - ELEMENTOS DE ENTRADA SECUNDARIOS (KOHA)
Fuente del sistema de clasificación o colocación Clasificación decimal universal
Holdings
Estatus retirado Estado de pérdida Estado de daño No para préstamo Biblioteca de origen Biblioteca actual Ubicación en estantería Fecha de adquisición Fuente de adquisición Total de préstamos Signatura topográfica completa Código de barras Visto por última vez Precio de reemplazo Tipo de ítem Koha
        Biblioteca del Ateneo de Madrid Biblioteca del Ateneo de Madrid Depósito 2 17/01/2008     C-30770 1141650 23/02/2023 23/02/2023 Libro impreso